| 000 | 00597nam a2200169 i 4500 | ||
|---|---|---|---|
| 001 | 111697 | ||
| 003 | ES-MaACL | ||
| 005 | 20230906185338.0 | ||
| 007 | t| | ||
| 008 | 180530s1913 sp r ||||1| spa d | ||
| 245 | 0 | 0 | _aMemoria relativa a los servicios a cargo de la Dirección General de Propiedades e Impuestos. |
| 260 |
_aMadrid : _b[s.n.], _c1913 ( _fTalleres del Depósito de la Guerra) |
||
| 300 |
_a32 p. ; _c26 cm. |
||
| 594 | _aPrecede al tít.: Ministerio de Hacienda. | ||
| 610 | 2 | 4 |
_aEspaña. _bDirección General de Propiedades e Impuestos. _9164826 |
| 852 |
_aES-MaACL _jC-23756(12) |
||
| 999 |
_c111697 _d111697 |
||